• 首页
  • 本馆介绍
  • 公告通知
  • 最新文献
  • 馆藏检索
  • 电子资源
  • 读者导购
  • 参考咨询
  • 我的图书馆
  • 登录
  • 详细信息显示
  • 放入我的书架
  • 预约/预借图书
  • 作者相关作品
  • 分类相关作品
  • 丛书相关作品
  • 出版社相关作品

书目信息

  • 表格格式
  • 工作单格式
  • 卡片格式
题名:
季羡林谈翻译
    
 
作者: 季羡林, 著
分册:  
出版信息: 北京   当代中国出版社  2015
页数: 158页
开本: 24cm
丛书名: 聆听大师
单 册:
中图分类: H059-53
科图分类:
主题词: 翻译--fan yi--文集
电子资源:
ISBN: 978-7-5154-0555-1
000 00885nam0 22002651 450
001 0120082251
005 20170320082251.0
010    @a978-7-5154-0555-1@dCNY26.00
100    @a20150116d2015 em y0chiy50 ea
101 0  @achi
102    @aCN@b110000
105    @ay z 000yy
106    @ar
200 1  @a季羡林谈翻译@9ji xian lin tan fan yi@f季羡林著
210    @a北京@c当代中国出版社@d2015
215    @a158页@d24cm
225 2  @a聆听大师@9ling ting da shi@i季羡林系列
300    @a典藏本
330    @a本书主要内容包括: 翻译对中国文化的重要意义、谈翻译、再谈翻译、翻译的危机、汉语与外语、新世纪应用语言学的几个问题、佛教梵语研究、文化交流推动人类社会前进等。
461  0 @12001 @a聆听大师@i季羡林系列
606 0  @a翻译@9fan yi@j文集
690    @aH059-53@v5
701  0 @a季羡林,@9ji xian lin ,@4著
801  0 @aCN@bTANGWEI@c20170308
905    @b0957477-9@dH059-53@e209@f3
    
    季羡林谈翻译/季羡林著.-北京:当代中国出版社,2015
    158页;24cm.-(聆听大师.季羡林系列)
    典藏本
    
    ISBN 978-7-5154-0555-1:CNY26.00
    本书主要内容包括: 翻译对中国文化的重要意义、谈翻译、再谈翻译、翻译的危机、汉语与外语、新世纪应用语言学的几个问题、佛教梵语研究、文化交流推动人类社会前进等。
●
相关链接 在E读中查询图书 在五车中查询图书 在当当中查询图书 在豆瓣中查询图书


正题名:季羡林谈翻译     索取号:H059-53/209         预约/预借

序号 登录号 条形码 馆藏地/架位号 状态 备注
1 0957477   209574771   第二样本阅览室/ [索取号:H059-53/209] 在馆    
2 0957478   209574780   密集书库-文学院/ [索取号:H059-53/209] 在馆    
3 0957479   209574799   第四借阅区/ [索取号:H059-53/209] 在馆    
唐山师范学院图书馆 欢迎您!
大连网信软件有限公司© 版权所有